Animals in a Slideshow - Statistics

General Stats
  • This quiz has been taken 161 times
  • The average score is 11 of 12
Answer Stats
Answer % Correct
Polar Bear
100%
Zebra
100%
Bald Eagle
97%
Pig
97%
Elephant
96%
Duck
94%
Squirrel
94%
Gorilla
92%
Snail
92%
Cheetah
88%
Hyena
82%
Meerkat
61%
No matching quizzes found
Score Distribution
Percent of People with Each Score
Percentile by Number Answered
Your Score History
You have not taken this quiz